00488nam a2200181 a 4500001001300000003000900013005001700022008004100039020002300080082001500103100002100118245005200139260004800191300000900239500003500248505001000283650001300293nice12345678IN_TiNIC20260116013045.0050524s1997 amea grp 000 0 eng  a0252611 c75200a303.6bTUR aTurpin, Jennifer aWeb of Violenceb from Interpersonal to Global/ aAmericabUniversity of Illinois Pressc1997 a244p aincludes index and biblioraphy2 aIndex aViolence